Chargement en cours...

Ricardo, Janaki and A Female Body

Détails bibliographiques
Auteur principal: K.V. Mohankumar
Format: Printed Book
Publié: MALAYALAM LITERARY SURVEY
Sujets:
Accès en ligne:http://10.26.1.76/ks/005914.pdf
LEADER 00500nam a22001457a 4500
100 |a K.V. Mohankumar  |9 36021 
245 |a Ricardo, Janaki and A Female Body  
260 |b MALAYALAM LITERARY SURVEY 
300 |a p.45-49  |b Vol. 33 No. 3 - 4. July - Decmber, 2013 
500 |a Translated from Malayalam by The Author 
650 |a SHORT STORY  |9 36022 
856 |u http://10.26.1.76/ks/005914.pdf 
942 |c KS 
999 |c 87224  |d 87224 
952 |0 0  |1 0  |4 0  |7 0  |9 79552  |a MGUL  |b MGUL  |d 2016-07-05  |l 0  |r 2016-07-05  |w 2016-07-05  |y KS